000 00362nam a2200121Ia 4500
008 220214s9999 xx 000 0 und d
245 0 _aInternational Trade Forum Quarterly
260 _bInternational Trade centre
_aGeneva
500 _aEnding Volume & Year: 15, 1979
500 _aMissing Volume: 7;9;14
500 _aStarting Volume & Year: 1, 1964
942 _cBJ
999 _c3241
_d3241